000 00376nam a2200133Ia 4500
008 220217s9999||||xx |||||||||||||| ||und||
020 _a8126503548
082 _a621.3845 MAL
100 _aMallick, Martyn
245 0 _aMobile and wireless design essentials
260 _aWiley india
_bNew Delhi
_c2011
300 _aXXIV, 454p.
_b369
650 _aWIRELESS COMMUNICATION
999 _c183672
_d183672